[Event "Frankfurt Ch 2013"]
[Site "Ffm-Kalbach, LAZ"]
[Date "2013.06.17"]
[Round "7.54"]
[White "Markulic, Petar"]
[Black "Stulken, Dietmar"]
[Result "1-0"]
[WhiteElo "1643"]
[BlackElo "1427"]
[PlyCount "153"]
[EventDate "2013.??.??"]
[WhiteTeam "vereinslos"]
[BlackTeam "Sfr. Frankfurt 1921"]

1. e4 e5 2. f4 d5 3. Nf3 dxe4 4. Nxe5 Nf6 5. Bc4 Be6 6. Bxe6 fxe6 7. Nc3 Bc5 8.
Qe2 Qd4 9. Nb5 Qd8 10. a3 a6 11. Qc4 Qe7 12. Nc3 O-O 13. Nxe4 Nxe4 14. Qxe4
Qh4+ 15. g3 Qd8 16. c3 c6 17. d4 Be7 18. Be3 Qd5 19. Qf3 Qxf3 20. Nxf3 Nd7 21.
O-O Nb6 22. Rfe1 Nd5 23. c4 Nc7 24. Re2 Rae8 25. Rae1 Bd8 26. Bd2 Rf7 27. Ne5
Rf6 28. Nd7 Rf7 29. Nc5 Bf6 30. Bc3 b5 31. Ne4 bxc4 32. Nd6 Rd8 33. Nxf7 Kxf7
34. Re4 Rd5 35. Kg2 Be7 36. Ba5 Rxa5 37. Rc1 Rb5 38. Re2 Bf6 39. Rxc4 Rb6 40.
Rec2 Nd5 41. Rxc6 Rxc6 42. Rxc6 Bxd4 43. Rxa6 Bxb2 44. Ra7+ Kf6 45. Kf3 Bd4 46.
Ra8 Nc7 47. Rh8 h6 48. a4 Bb6 49. Rb8 Ba5 50. Ke4 Ke7 51. Rg8 Kf6 52. Rb8 Nd5
53. Ra8 Be1 54. a5 Nc3+ 55. Kd3 Nb5 56. Kc4 Nd6+ 57. Kd3 Nb5 58. a6 Bf2 59. Rb8
Na7 60. Ke2 Bg1 61. h3 Bc5 62. g4 Bg1 63. Kd3 Bf2 64. Ke4 Bg1 65. Rb7 Bf2 66.
Kf3 Bg1 67. h4 Bd4 68. Ke4 Bf2 69. h5 Bg1 70. Rb1 Bf2 71. Rb8 Bg1 72. Rf8+ Ke7
73. Rb8 Kf6 74. Rb2 Bc5 75. Rc2 Bg1 76. Rc1 Bb6 77. Rf1 1-0

[Event "Frankfurt Ch 2013"]
[Site "Ffm-Kalbach, LAZ"]
[Date "2013.06.17"]
[Round "7.55"]
[White "Honert, Stefan"]
[Black "Balzereit, Georg"]
[Result "0-1"]
[WhiteElo "1304"]
[BlackElo "1634"]
[PlyCount "100"]
[EventDate "2013.??.??"]
[WhiteTeam "Sfr. Frankfurt 1921"]
[BlackTeam "vereinslos"]

1. d4 Nf6 2. c4 g6 3. Nc3 d5 4. Qb3 dxc4 5. Qxc4 Bg7 6. Nf3 O-O 7. Bf4 c6 8. e4
Be6 9. Qb4 b5 10. Qa3 a5 11. b4 Nh5 12. Be5 f6 13. Bxb8 Qxb8 14. bxa5 b4 15.
Qc1 bxc3 16. Qxc3 Rc8 17. Bc4 Bxc4 18. Qxc4+ Kh8 19. O-O Qc7 20. Rfe1 Qxa5 21.
e5 Qd5 22. Qc3 Rxa2 23. Rxa2 Qxa2 24. Qc5 Qf7 25. e6 Qe8 26. Qc1 Bf8 27. g4 Ng7
28. Qf4 Qd8 29. h4 Qd5 30. g5 Nxe6 31. Qg4 f5 32. Qh3 Nxd4 33. Nxd4 Qxd4 34. h5
Qg4+ 35. Qxg4 fxg4 36. hxg6 hxg6 37. Kg2 c5 38. Kg3 c4 39. Kf4 c3 40. Ke3 Rd8
41. Rc1 Bg7 42. Rc2 Kg8 43. Ke2 Kf7 44. Ke1 Ke8 45. Ra2 Be5 46. Ke2 Rd2+ 47.
Rxd2 cxd2 48. Kxd2 Bf4+ 49. Ke2 Bxg5 50. Kf1 Kf7 0-1

[Event "Frankfurt Ch 2013"]
[Site "Ffm-Kalbach, LAZ"]
[Date "2013.06.17"]
[Round "7.56"]
[White "Friedel, Thomas"]
[Black "Riha, Peter"]
[Result "1-0"]
[WhiteElo "1405"]
[BlackElo "1604"]
[PlyCount "61"]
[EventDate "2013.??.??"]
[WhiteTeam "SV 1946 Groß-Gerau"]
[BlackTeam "SC Bergen-Enkheim 1922"]

1. e4 e5 2. Nf3 Nc6 3. Bc4 Nf6 4. d3 Be7 5. Be3 d6 6. h3 Be6 7. Nbd2 d5 8. Bb5
Qd6 9. c3 O-O 10. Bxc6 bxc6 11. O-O c5 12. exd5 Bxd5 13. Nb3 Qc6 14. Nxe5 Qb7
15. Nf3 c4 16. dxc4 Bxc4 17. Re1 Rfd8 18. Qc2 Bd3 19. Qc1 Be4 20. Nbd2 Bd5 21.
Bxa7 Bd6 22. Bd4 Rxa2 23. Rxa2 Bxa2 24. Qc2 Bf4 25. b3 Bxd2 26. Nxd2 Ra8 27.
Ra1 Qa6 28. Nf3 Nd7 29. Ng5 g6 30. Qe4 Qc8 31. Qe7 1-0

[Event "Frankfurt Ch 2013"]
[Site "Ffm-Kalbach, LAZ"]
[Date "2013.06.17"]
[Round "7.57"]
[White "Herwig-Päutz, Martin"]
[Black "Mehl, Ulrich"]
[Result "1/2-1/2"]
[WhiteElo "1321"]
[BlackElo "1589"]
[PlyCount "83"]
[EventDate "2013.??.??"]
[WhiteTeam "Sfr.1891 Friedberg"]
[BlackTeam "TSG Nieder-Erlenbach 1888"]

1. e4 c6 2. Nf3 d5 3. exd5 cxd5 4. Bb5+ Nc6 5. Ne5 Bd7 6. Nxd7 Qxd7 7. O-O Nf6
8. d4 e6 9. c3 Be7 10. Nd2 O-O 11. Nf3 Rac8 12. Ne5 Qc7 13. Bxc6 bxc6 14. Bg5
c5 15. Rc1 Rfd8 16. Qe2 h6 17. Bh4 cxd4 18. Rfe1 dxc3 19. Bg3 Ne4 20. Nxf7 Nxg3
21. Qxe6 Ne4 22. Nxd8+ Kh8 23. Nf7+ Kh7 24. Qf5+ g6 25. Qxd5 Nf6 26. Ng5+ Kh8
27. Nf7+ Kg7 28. Qb3 Ng4 29. g3 Bf6 30. h3 Nxf2 31. Kxf2 Bd4+ 32. Kg2 Qc6+ 33.
Kh2 Qf3 34. Rc2 Bf2 35. Rg1 Bxg1+ 36. Kxg1 Qxg3+ 37. Rg2 Qe3+ 38. Kh2 Qf4+ 39.
Kg1 Qc1+ 40. Kh2 Qf4+ 41. Kg1 Qc1+ 42. Kh2 1/2-1/2

[Event "Frankfurt Ch 2013"]
[Site "Ffm-Kalbach, LAZ"]
[Date "2013.06.17"]
[Round "7.58"]
[White "Reichel, Rolf"]
[Black "Paaßen, Klaus"]
[Result "1-0"]
[WhiteElo "1580"]
[BlackElo "1439"]
[PlyCount "111"]
[EventDate "2013.??.??"]
[WhiteTeam "Sfr. Frankfurt 1921"]
[BlackTeam "SV 1926 Fechenheim"]

1. e4 c5 2. f4 d6 3. Nf3 Nf6 4. Nc3 e6 5. Be2 Be7 6. O-O a6 7. d3 O-O 8. h3 Nc6
9. Qe1 Re8 10. g4 b5 11. Qg3 Bb7 12. Nd1 Nd7 13. Ne3 Nd4 14. Nxd4 cxd4 15. Ng2
Rc8 16. Bd1 e5 17. Bd2 f6 18. c3 d5 19. cxd4 exd4 20. Re1 Nf8 21. Nh4 a5 22.
Nf5 Bd6 23. Nxd6 Qxd6 24. Bxa5 dxe4 25. dxe4 Bxe4 26. Bd2 Bd5 27. Rxe8 Rxe8 28.
Bf3 Bxf3 29. Qxf3 Ng6 30. Rf1 Qb6 31. Kh2 Qc5 32. Rc1 Qe7 33. Re1 Qd8 34. Kg3
Rxe1 35. Bxe1 d3 36. Qe3 Nf8 37. Bc3 Qd7 38. Kf2 h6 39. Ke1 Ne6 40. Kd2 Kf7 41.
f5 Nc7 42. Qxd3 Qxd3+ 43. Kxd3 g6 44. fxg6+ Kxg6 45. Kd4 f5 46. gxf5+ Kxf5 47.
Be1 h5 48. Kc5 Ne6+ 49. Kxb5 Nf4 50. h4 Ng2 51. Bf2 Kg4 52. a4 Nxh4 53. Bxh4
Kxh4 54. a5 Kg3 55. a6 h4 56. a7 1-0

[Event "Frankfurt Ch 2013"]
[Site "Ffm-Kalbach, LAZ"]
[Date "2013.06.17"]
[Round "7.59"]
[White "Muthig, Holger"]
[Black "Lopez, Victor"]
[Result "1-0"]
[WhiteElo "1603"]
[BlackElo "1430"]
[PlyCount "117"]
[EventDate "2013.??.??"]
[WhiteTeam "Sfr. Frankfurt 1921"]
[BlackTeam "SC 1910 Höchst"]

1. d4 d5 2. c4 dxc4 3. Nc3 e6 4. e4 Nf6 5. Bxc4 c6 6. a4 Bb4 7. Bg5 h6 8. Bxf6
Qxf6 9. Nge2 e5 10. O-O O-O 11. dxe5 Qxe5 12. f4 Qc5+ 13. Qd4 Bg4 14. Qxc5
Bxc5+ 15. Kh1 Nd7 16. h3 Bh5 17. g4 Bg6 18. Rad1 Rad8 19. Ng3 Kh8 20. f5 Bh7
21. Bb3 Ne5 22. Bc2 f6 23. Nge2 Nc4 24. Rxd8 Rxd8 25. Rd1 Rxd1+ 26. Nxd1 Ne3
27. Nxe3 Bxe3 28. Bb3 b6 29. Kg2 g5 30. Kf3 Bc5 31. Be6 Bf8 32. Nd4 c5 33. Nc6
a5 34. b3 Kg7 35. Ke3 Bg8 36. Kd3 Bd6 37. Kc4 Bf7 38. Bxf7 Kxf7 39. Nd8+ Ke7
40. Ne6 Kd7 41. Kb5 Be5 42. Kxb6 Kd6 43. Kb5 Bc3 44. Nxc5 Ke5 45. Nb7 Kxe4 46.
Nxa5 Kf4 47. Nc4 Kg3 48. a5 Kxh3 49. a6 Bd4 50. Nb6 Bxb6 51. Kxb6 Kxg4 52. a7
Kxf5 53. a8=Q g4 54. Kc5 Kf4 55. b4 g3 56. Qg2 h5 57. b5 h4 58. b6 h3 59. Qxh3
1-0

[Event "Frankfurt Ch 2013"]
[Site "Ffm-Kalbach, LAZ"]
[Date "2013.06.17"]
[Round "7.60"]
[White "Staeger, Tim"]
[Black "Hartmann, Stephan"]
[Result "0-1"]
[WhiteElo "1563"]
[BlackElo "1471"]
[PlyCount "84"]
[EventDate "2013.??.??"]
[WhiteTeam "Sfr. Frankfurt 1921"]
[BlackTeam "SG Turm Idstein"]

1. e4 e5 2. Nf3 Nc6 3. d4 exd4 4. Nxd4 Nxd4 5. Qxd4 Qe7 6. Bd3 Qb4+ 7. c3 Qxd4
8. cxd4 Bb4+ 9. Nc3 Ne7 10. a3 Ba5 11. O-O O-O 12. Be3 Bxc3 13. bxc3 d5 14. Bf4
dxe4 15. Bxe4 c6 16. Bd6 Re8 17. Rfe1 Be6 18. Rab1 Rad8 19. Bc7 Rd7 20. Bg3 Kf8
21. f4 Bf5 22. Bxf5 Nxf5 23. Rxe8+ Kxe8 24. Re1+ Re7 25. Re5 Nxg3 26. hxg3 f6
27. Rxe7+ Kxe7 28. Kf2 Kd6 29. Ke3 Kd5 30. Kd3 b5 31. g4 g6 32. a4 a5 33. g3 h6
34. g5 fxg5 35. fxg5 h5 36. axb5 cxb5 37. Kc2 Kc4 38. Kb2 b4 39. cxb4 axb4 40.
d5 Kxd5 41. Kb3 Ke4 42. Kxb4 Kf3 0-1

[Event "Frankfurt Ch 2013"]
[Site "Ffm-Kalbach, LAZ"]
[Date "2013.06.17"]
[Round "7.61"]
[White "Panosch, Walter"]
[Black "Mayer, Andreas"]
[Result "0-1"]
[WhiteElo "1503"]
[BlackElo "1406"]
[PlyCount "117"]
[EventDate "2013.??.??"]
[WhiteTeam "SC Matt im Park Ffm"]
[BlackTeam "Sfr. Frankfurt 1921"]

1. d4 c6 2. Nf3 d5 3. Bf4 Nf6 4. h3 h6 5. e3 Bf5 6. Bd3 Bxd3 7. cxd3 Nbd7 8.
O-O e6 9. Nc3 Be7 10. e4 O-O 11. Re1 a6 12. a3 b5 13. Ne5 Nxe5 14. dxe5 Nd7 15.
d4 Nb6 16. b3 Qd7 17. Qg4 Kh7 18. Bd2 f6 19. f4 f5 20. exf5 Rxf5 21. Ne2 Rg8
22. Ng3 Rf7 23. Rf1 g6 24. Qf3 Bh4 25. Bb4 Nc8 26. Bc5 Be7 27. b4 Bxc5 28. bxc5
a5 29. Qd3 Kh8 30. Rae1 Ne7 31. Qd2 a4 32. f5 Nxf5 33. Nxf5 gxf5 34. Qxh6+ Rh7
35. Qf6+ Qg7 36. Rf3 Rh6 37. Qxg7+ Rxg7 38. Kh2 Rg4 39. Rd1 Rhh4 40. Rfd3 Re4
41. R1d2 Kh7 42. g3 Rh5 43. Rf3 Kg6 44. Kg2 Rg5 45. Kf2 Kh5 46. Rd1 Rg7 47. Rf4
Rxf4+ 48. gxf4 Kh4 49. Rd3 Rg8 50. Rf3 Rg7 51. Ke3 Rg3 52. Rxg3 Kxg3 53. Kd3
Kxf4 54. h4 Kg4 55. h5 Kxh5 56. Ke3 Kg4 57. Ke2 Kg3 58. Ke3 f4+ 59. Ke2 0-1

[Event "Frankfurt Ch 2013"]
[Site "Ffm-Kalbach, LAZ"]
[Date "2013.06.17"]
[Round "7.62"]
[White "Crnjac, Zdravko"]
[Black "Lessmann, Sven"]
[Result "1-0"]
[WhiteElo "1478"]
[BlackElo "1371"]
[PlyCount "99"]
[EventDate "2013.??.??"]
[WhiteTeam "TSG Nieder-Erlenbach 1888"]
[BlackTeam "SC Bad Soden"]

1. e4 d6 2. f4 Nf6 3. d3 g6 4. b3 Bg7 5. Bb2 O-O 6. h3 Re8 7. Nf3 c5 8. Nbd2
Qa5 9. Be2 Nc6 10. O-O Nh5 11. Bxg7 Kxg7 12. Ng5 Ng3 13. Rf3 Nxe2+ 14. Qxe2 Nd4
15. Qd1 Nxf3+ 16. Ngxf3 b5 17. a4 Bd7 18. axb5 Qxb5 19. Nc4 a5 20. Ra4 Ra6 21.
Qa1+ Kg8 22. Ne3 Qb7 23. Rxa5 Rxa5 24. Qxa5 Ra8 25. Qc3 Ra2 26. Nd5 Be6 27. Ne3
Qa7 28. f5 Bc8 29. Kh2 gxf5 30. exf5 f6 31. Qc4+ Kg7 32. Qg4+ Kf8 33. Qh5 e6
34. Qh4 Qg7 35. Qf4 e5 36. Qc4 Qh6 37. Ng4 Qg7 38. Qd5 Ke7 39. Ne3 Ra7 40. Qc6
Rd7 41. Qxc8 Rd8 42. Nd5+ Ke8 43. Qe6+ Kf8 44. Nxf6 Qf7 45. Ng5 Qxe6 46. Nxe6+
Kf7 47. Nxd8+ Kxf6 48. g4 h6 49. c4 Ke7 50. Nb7 1-0